| 000 | 00356nam a22001457a 4500 | ||
|---|---|---|---|
| 008 | 230201b |||||||| |||| 00| 0 eng d | ||
| 020 | _a9780330456104 | ||
| 082 | _aFIC 813.54 MEN | ||
| 100 | _aMendelson, Charlotte. | ||
| 245 | _aWhen we were bad. | ||
| 260 |
_aLondon: _bPicador; _c2007. |
||
| 300 |
_a324 p : _c18 cm. |
||
| 650 | _aFiction | ||
| 942 | _2ddc | ||
| 999 |
_c9256 _d9257 |
||